000 00683nam a22001937a 4500
005 20221107132625.0
008 110404t1989 mx ||||| |||| 00|10 spa d
020 _a9684522746
050 0 4 _aKG5814.3 1934
_bD53 1989
100 1 _aDíaz de Leon, Marco Antonio
_eautor
240 0 0 _aLeyes y códigos.
245 1 0 _aCódigo federal de procedimientos penales
_b: comentado
_c/ Marco Antonio Díaz de León ; presentación Sergio García Ramírez
250 _a2a ed.
260 _aMéxico :
_bPorrúa,
_c1989
300 _aliii, 808 p. :
_c24 cm.
650 7 _2lemb
_aProcedimiento penal
_xLegislación
_zMéxico
700 1 _aGarcía Ramírez, Sergio
_epresentación
942 _2lcc
_cLIB
999 _c7844
_d7844